| 000 | 00495nam a2200181 a 4500 | ||
|---|---|---|---|
| 020 | _a002393350X | ||
| 040 | _cDLC | ||
| 082 | 0 | 0 | _a632 COL 1989 C147 Or. |
| 100 | 1 | _aHigley, Leon G. | |
| 245 | 1 | 0 | _aManual of entomology and pest management / |
| 260 |
_aNew York : _bMacmillan ; _aLondon : _bCollier Macmillan, _cc1989. |
||
| 300 |
_av, 282 p. : _bill. ; _c28 cm. |
||
| 650 | 0 | _aInsect pests | |
| 650 | 0 | _aEntomology | |
| 700 | 1 | _aKarr, Laura L. | |
| 700 | 1 | _aPedigo, Larry P. | |
| 942 | _cAEDBB | ||
| 999 |
_c18515 _d18515 |
||